Relegated North American Professional Sports Teams Since 2000 - Statistics

General Stats
  • This quiz has been taken 213 times
    31 since last reset
  • The average score is 49 of 67
Answer Stats
# Team % Correct
4 Cleveland Browns
96%
1 Sacramento Kings
96%
2 Arizona Cardinals
88%
1 Chicago White Sox
88%
1 Cleveland Cavaliers
88%
1 Los Angeles Clippers
88%
1 Oakland Athletics
88%
1 Brooklyn Nets
84%
1 Detroit Lions
84%
2 Detroit Pistons
84%
1 Detroit Pistons
84%
2 Minnesota Timberwolves
84%
1 New Jersey Nets
84%
2 Orlando Magic
84%
3 Tampa Bay Devil Rays
84%
3 Carolina Panthers
80%
1 Chicago Bulls
80%
3 Chicago Cubs
80%
1 Florida Panthers
80%
1 Miami Heat
80%
1 New York Knicks
80%
1 Oakland Raiders
80%
2 Pittsburgh Pirates
80%
1 Portland Trail Blazers
80%
3 Buffalo Sabres
76%
2 Cincinnati Bengals
76%
1 Detroit Red Wings
76%
2 Golden State Warriors
76%
2 Houston Rockets
76%
2 Houston Texans
76%
1 Milwaukee Bucks
76%
1 Philadelphia 76ers
76%
1 Phoenix Suns
76%
1 Pittsburgh Penguins
76%
4 Detroit Tigers
72%
3 Houston Astros
72%
1 Kansas City Chiefs
72%
2 New York Islanders
72%
1 Philadelphia Flyers
72%
2 St. Louis Rams
72%
1 Tennessee Titans
72%
1 Anaheim Ducks
68%
2 Arizona Diamondbacks
68%
1 Atlanta Hawks
68%
1 Chicago Bears
68%
1 Colorado Avalanche
68%
2 Jacksonville Jaguars
68%
1 Memphis Grizzlies
68%
1 Minnesota Twins
68%
1 Montreal Canadiens
68%
1 Philadelphia Phillies
68%
2 San Jose Sharks
68%
1 Tampa Bay Lightning
68%
1 Toronto Maple Leafs
68%
2 Baltimore Orioles
64%
1 Carolina Hurricanes
64%
1 San Diego Chargers
64%
3 Washington Nationals
64%
2 Edmonton Oilers
60%
1 Kansas City Royals
60%
1 San Francisco 49ers
60%
1 St. Louis Blues
60%
1 Miami Dolphins
56%
1 Ottawa Senators
56%
1 Columbus Blue Jackets
52%
1 Charlotte Bobcats
36%
2 Atlanta Thrashers
28%
No matching quizzes found
Score Distribution
Percent of People with Each Score
Percentile by Number Answered
Your Score History
You have not taken this quiz since the last reset